000 00934cab a2200301 4500
001 ABS52644
008 090401t1995 xxu||||| |||| 00| 0 eng d
035 _a(Sirsi) u88307
041 _aeng
100 _aJayawardane, A.K.W.
245 _aMeasurement of brickwork and blockwork productivity: part A
260 _c1995
350 _a0
490 _aBuilding Research and Information
_v23(2) 1995, 81-86(6)
520 _aWith detailed reference to field data obtained for the study, the authors demonstrate how the measurement of production times can be presented as a standard equation.
650 _aBLOCKWORK
650 _aBRICKWORK
650 _aCONSTRUCTION INDUSTRY
650 _aFORMULA
650 _aPRODUCTION TIMES
650 _aPRODUCTIVITY
650 _aSITE PRODUCTIVITY
690 _aBUILT ENVIRONMENT
700 _aHarris, F.C.
700 _aPrice, A.D.F.
942 _n0
948 _c04/03/1997
999 _c55776
_d55776